Fußball: Die größten EM-Erfolge der Teilnehmer an der EURO 2024 - Statistiken

Allgemein
  • Dieses Quiz wurde 177 mal gespielt
  • Das Durchschnittsergebnis liegt bei 18 aus 24
Antwortstatistiken
Land Größter Erfolg Jahr(e) % Korrekt
Deutschland* Europameister 1972 | 1980 | 1996
97%
Portugal Europameister 2016
91%
Spanien Europameister 1964 | 2008 | 2012
90%
Italien Europameister 1968 | 2020
87%
Frankreich Europameister 1984 | 2000
84%
Dänemark Europameister 1992
84%
England Finale 2020
80%
Niederlande Europameister 1988
78%
Georgien Erste Teilnahme 2024
76%
Tschechien* Europameister 1976
72%
Türkei Halbfinale 2008
71%
Schweiz Viertelfinale 2020
71%
Österreich Achtelfinale 2020
69%
Albanien Gruppen-3. 2016
68%
Ungarn Halbfinale 1964 | 1972
66%
Kroatien Viertelfinale 1996 | 2008
66%
Schottland Gruppen-3. 1992 | 1996
65%
Polen Viertelfinale 2016
65%
Ukraine Viertelfinale 2020
65%
Serbien* Finale 1960 | 1968
64%
Slowenien Gruppen-4. 2000
63%
Slowakei Achtelfinale 2016
63%
Belgien Finale 1980
60%
Rumänien Viertelfinale 2000
58%
Keine übereinstimmenden Quizze gefunden
Verteilung der Resultate
Anzahl Personen mit jedem Resultat
Perzentil nach korrekt beantworteten Fragen
Ihre Resultats-Entwicklung
Sie haben dieses Quiz noch nicht gespielt